Entre amigos 4 : (Registro nro. 10006)

Detalles MARC
000 -LIDER
fixed length control field 01141nam a22003017a 4500
001 - NÚMERO DE CONTROL
Identificador de número de control 000052564
003 - IDENTIFICACDOR DE NÚMERO DE CONTROL
control field DO-SdBNP
005 - DATE AND TIME OF LATEST TRANSACTION
control field 20180312112149.0
007 - CAMPOS FIJOS DE DESCRIPCIÓN FÍSICA
fixed length control field 000052564
008 - ELEMENTOS DE LONGITUD FIJA
fixed length control field 160505b 2014 dr a 0 spa d
020 ## - ISBN
International Standard Book Number 9789945190175
040 ## - FUENTE DE CATALOGACIÓN
Agencia que crea de manera original el registro BPMSU
Idioma de catalogación spa
Agencia que realiza la transcripción BPMSU
082 #4 - NÚMERO DE CLASIFICACIÓN DECIMAL DE DEWEY
Classification number xxx
Item number xxx
100 1# - ASIENTO PRINCIPAL -- NOMBRE PERSONAL
Nombre personal Sosa, Olga
245 10 - MENCIÓN DE TITULO
Título Entre amigos 4 :
Subtítulo educación inicial, versión script /
Mención de responsabilidad Olga Sosa ; dirección editorial Claudia Llibre ; ilustración Ruddy Núñez...[et al].
260 ## - PUBLICACIÓN, DISTRIBUCIÓN, ETC. (PIE DE IMPRENTA)
Lugar de publicación, distribución, etc Santo Domingo :
Nombre del editor, distribuidor, etc. Santillana,
Fecha de publicación, distribución, etc 2014.
300 ## - DESCRIPCIÓN FÍSICA
Extensión 279 p. :
Otros detalles físicos il. ;
Dimensiones 21 cm.
Material complementario + CD-ROOM
490 1# - MENCIÓN DE SERIES
Mención de serie Proyecto todos juntos
Volume/sequential designation 4 años
500 ## - NOTA GENERAL
Nota general Incluye guía didáctica y recursos didácticos para el profesorado<br/><br/>
500 ## - NOTA GENERAL
Nota general Versión script.<br/>
500 ## - NOTA GENERAL
Nota general Este libro ha sido realizado de conformidad con el currículum vigente y ha sido sometido a la aprobación de la MINERD.<br/><br/>
700 12 - ASIENTO SECUNDARIO -- NOMBRE PERSONAL
Nombre personal Núñez, Ruddy,
Mención de responsabilidad il.
700 12 - ASIENTO SECUNDARIO -- NOMBRE PERSONAL
Nombre personal Llibre, Claudia,
Mención de responsabilidad dir. ed.
830 #0 - ASIENTO SECUNDARIO DE SERIE--TÍTULO UNIFORME
Título uniforme Proyecto todos juntos
Nombre de la parte o sección de una obra 4 años
942 ## - ADDED ENTRY ELEMENTS (KOHA)
Source of classification or shelving scheme Dewey Decimal Classification
Koha item type Libros
945 ## - INFORMACIÓN DE PROCESAMIENTO LOCAL
Información de procesamiento local Inventariado, 2018/ YL
956 ## - LOCAL ELECTRONIC LOCATION AND ACCESS (OCLC)
Método de acceso LOPEREZ
Materiales especificados 10
Enlace 20160505
Campo enlazado y núm. de secuencia BPMSU
Nombre de host 00041
Existencias
Withdrawn status Lost status Source of classification or shelving scheme Damaged status Not for loan Collection code Home library Current library Date acquired Source of acquisition Total Checkouts Full call number Barcode Date last seen Price effective from Koha item type
    Dewey Decimal Classification     Colección Escolar Biblioteca Pública Metropolitana Salomé Ureña Biblioteca Pública Metropolitana Salomé Ureña 03/07/2018 Donado por Santillana   xxx xxx BPMSU18030029 03/07/2018 03/07/2018 Libros